[Event "BEM-ch U18"]
[Site "Tamm"]
[Date "2001.02.10"]
[Round "5"]
[White "Daeuber, Martin"]
[Black "Burk, Christian"]
[Result "1/2-1/2"]
[WhiteElo "1372"]
[BlackElo "874"]
[PlyCount "118"]
[EventDate "2001.??.??"]
[EventType "swiss"]
[EventRounds "5"]
[EventCountry "GER"]
[SourceTitle "EXT 2003"]
[Source "ChessBase"]
[SourceDate "2002.11.25"]
[SourceVersion "1"]
[SourceVersionDate "2002.11.25"]
[SourceQuality "1"]

1. e4 e5 2. Bc4 Nf6 3. d3 Bc5 4. h3 h6 5. Be3 Bb6 6. Nf3 d6 7. Nbd2 0-0 8. c3 c5 9. 0-0 Nc6 10. a3 d5 11. exd5 Nxd5 12. Nb3 Be6 13. Bxc5 Bxc5 14. Nxc5 Qb6 15. Bxd5 Bxd5 16. Nd7 Qxb2 17. Nxf8 Rxf8 18. c4 Be6 19. Re1 Rd8 20. Re2 Qc3 21. Rb1 Rxd3 22. Qc1 Bxc4 23. Qxc3 Rxc3 24. Re3 Rxe3 25. fxe3 Ba6 26. Kf2 e4 27. Nd2 f5 28. g4 g6 29. Rg1 Kh7 30. h4 Ne5 31. gxf5 gxf5 32. Rc1 Ng4+ 33. Kg3 Nxe3 34. Nb3 Nf1+ 35. Kf4 Kg6 36. Nc5 Bb5 37. a4 Bc6 38. Rxf1 b6 39. Rg1+ Kf6 40. h5 Be8 41. Nb7 Bxh5 42. Nd6 Bg6 43. Rc1 Ke6 44. Rc6 Kd5 45. Rc7 Kxd6 46. Rxa7 Kc5 47. Rc7+ Kd6 48. Rg7 Be8 49. Rh7 Bxa4 50. Rxh6+ Kc5 51. Kxf5 Bc2 52. Kf4 b5 53. Ke3 b4 54. Rh8 b3 55. Rc8+ Kb4 56. Kd2 Ka3 57. Kc3 Ka2 58. Ra8+ Kb1 59. Kd2 Kb2 1/2-1/2

[Event "BEM-ch U18"]
[Site "Tamm"]
[Date "2001.02.03"]
[Round "3"]
[White "Daeuber, Martin"]
[Black "Haecker, Christine"]
[Result "1-0"]
[WhiteElo "1372"]
[BlackElo "650"]
[PlyCount "49"]
[EventDate "2001.??.??"]
[EventType "swiss"]
[EventRounds "5"]
[EventCountry "GER"]
[SourceTitle "EXT 2003"]
[Source "ChessBase"]
[SourceDate "2002.11.25"]
[SourceVersion "1"]
[SourceVersionDate "2002.11.25"]
[SourceQuality "1"]

1. e4 e5 2. Bc4 Nf6 3. d3 h6 4. h3 Nc6 5. Ne2 Bc5 6. Be3 Bb6 7. 0-0 d6 8. c3 0-0 9. b4 a6 10. Qd2 Kh7 11. f4 Re8 12. Bxf7 Re7 13. Bb3 Bxe3+ 14. Qxe3 Be6 15. Bxe6 Rxe6 16. f5 Re8 17. Nd2 Qd7 18. Qg3 Ne7 19. Nf3 Nh5 20. Qh4 Nf6 21. Ng5+ Kg8 22. Ne6 Nc8 23. Rf3 Nb6 24. Rg3 Kf7 25. Rxg7# 1-0

[Event "BEM-ch U16"]
[Site "Tamm"]
[Date "2000.01.29"]
[Round "2"]
[White "Daeuber, Martin"]
[Black "Stecker, Sascha"]
[Result "0-1"]
[WhiteElo "1134"]
[BlackElo "964"]
[PlyCount "128"]
[EventDate "2000.01.22"]
[EventType "swiss"]
[EventRounds "5"]
[EventCountry "GER"]
[SourceTitle "EXT 2003"]
[Source "ChessBase"]
[SourceDate "2002.11.25"]
[SourceVersion "1"]
[SourceVersionDate "2002.11.25"]
[SourceQuality "1"]

1. e4 e5 2. Nf3 Nf6 3. Nc3 Nc6 4. Bc4 Bc5 5. d3 d6 6. Be3 Nd4 7. Na4 Bg4 8. Bxd4 Bxd4 9. c3 Bc5 10. Nxc5 dxc5 11. Qb3 0-0 12. Nxe5 Bh5 13. h3 b6 14. Bd5 Nxd5 15. Qxd5 Qxd5 16. exd5 Rfe8 17. Kd2 Rxe5 18. c4 Re2+ 19. Kc3 Rxf2 20. Rae1 Kf8 21. Re5 Bg6 22. Rhe1 f6 23. Re7 Re8 24. Rxe8+ Bxe8 25. Rg1 Bd7 26. a3 g5 27. b4 Ke7 28. bxc5 bxc5 29. d4 Kd6 30. dxc5+ Kxc5 31. Re1 Rxg2 32. Re7 Rg3+ 33. Kb2 Kd6 34. Rxh7 Bxh3 35. Rh6 Kc5 36. Rxf6 Kxc4 37. Rc6+ Kxd5 38. Rxc7 a6 39. Rh7 Ke4 40. Rg7 Rg2+ 41. Kc3 Kf4 42. Kb4 Ra2 43. Rf7+ Kg3 44. Rc7 Rf2 45. Ka5 Bf1 46. Rc1 g4 47. Kb4 Kh2 48. a4 g3 49. Rc6 g2 50. Rh6+ Kg3 51. Rg6+ Kf3 52. Rf6+ Ke3 53. Re6+ Kd2 54. Rg6 Rf4+ 55. Kb3 Bc4+ 56. Kb2 Bd5 57. a5 Rb4+ 58. Ka3 Rb1 59. Rxg2+ Bxg2 60. Ka2 Kc2 61. Ka3 Kc3 62. Ka2 Rb5 63. Ka1 Kc2 64. Ka2 Rxa5# 0-1